<?xml version="1.0" encoding="UTF-8"?>
<record
    xmlns:xsi="http://www.w3.org/2001/XMLSchema-instance"
    xsi:schemaLocation="http://www.loc.gov/MARC21/slim http://www.loc.gov/standards/marcxml/schema/MARC21slim.xsd"
    xmlns="http://www.loc.gov/MARC21/slim">

  <leader>02395nam a22003857a 4500</leader>
  <datafield tag="999" ind1=" " ind2=" ">
    <subfield code="c">21851</subfield>
    <subfield code="d">21851</subfield>
  </datafield>
  <controlfield tag="003">AR-CdUCM</controlfield>
  <controlfield tag="008">190425b           ||||| |||| 00| 0 spa d</controlfield>
  <datafield tag="040" ind1=" " ind2=" ">
    <subfield code="a">MUNICIPALIDAD PROVINCIAL DEL CUSCO</subfield>
    <subfield code="c">BIBLIOTECA MUNICIPAL DEL CUSCO</subfield>
  </datafield>
  <datafield tag="082" ind1=" " ind2=" ">
    <subfield code="a">Rev.Andi/N&#xB0;29/1997</subfield>
  </datafield>
  <datafield tag="110" ind1=" " ind2=" ">
    <subfield code="a">Centro Bartolom&#xE9; de Las Casas</subfield>
    <subfield code="9">3293</subfield>
  </datafield>
  <datafield tag="245" ind1=" " ind2=" ">
    <subfield code="a">Revista andina /</subfield>
    <subfield code="c">Centro de estudios rurales andinos Bartolom&#xE9; de Las Casas Cusco</subfield>
  </datafield>
  <datafield tag="260" ind1=" " ind2=" ">
    <subfield code="a">Cusco :</subfield>
    <subfield code="b">Centro Bartolom&#xE9; de Las Casas,</subfield>
    <subfield code="c">1997.</subfield>
  </datafield>
  <datafield tag="300" ind1=" " ind2=" ">
    <subfield code="a">272 p&#xE1;ginas. :</subfield>
    <subfield code="c">23 cm.</subfield>
  </datafield>
  <datafield tag="440" ind1=" " ind2=" ">
    <subfield code="a">Publicaci&#xF3;n Semestral del Centro Bartolom&#xE9; de Las Casas Cusco.</subfield>
    <subfield code="n">A&#xF1;o 15, N&#xFA;mero 29, N&#xB0;1, primer semestre 1997.</subfield>
    <subfield code="9">46445</subfield>
  </datafield>
  <datafield tag="505" ind1=" " ind2=" ">
    <subfield code="a">Contenido: Retos de la gesti&#xF3;n ambiental en los Andes y la Amazon&#xED;a. Annette Salis. -- Pobreza y manejo adecuado de los recursos en la Amazon&#xED;a peruana. Antonio Brack Egg. -- Conflictos de distribuci&#xF3;n ecol&#xF3;gica. Joan Mart&#xED;nez-Alier. -- Viveros y reforestaci&#xF3;n en comunidades campesinas un proceso de innovaci&#xF3;n tecnol&#xF3;gica. Jorge Ch&#xE1;vez. -- Los fondos ambientales nacionales como mecanismo financiero para la gesti&#xF3;n ambiental capitalizaci&#xF3;n y conversi&#xF3;n de deuda, &#xE9;xitos y debacles. Alejandro Camino D. C. -- La fonolog&#xED;a del idioma mochica en los siglos XVI &#x2013; XVII. Alfredo Torero. -- Marginalidad o relevancia de un factor de cambio ling&#xFC;&#xED;stico la transferencia por contacto. Aportaciones al tema desde el quechua santiague&#xF1;o. Germ&#xE1;n de Granda. -- El Diccionario quechua de los acad&#xE9;micos cuestiones lexicogr&#xE1;ficas, normativas y etimol&#xF3;gicas. Rodolfo Cerr&#xF3;n-Palomino. -- Sexo, pintura de los incas y Taqui Onqoy escenas de la vida cotidiana en el Cuzco del siglo XVI. Henrique Urbano.</subfield>
  </datafield>
  <datafield tag="650" ind1=" " ind2=" ">
    <subfield code="a">Recursos naturales</subfield>
    <subfield code="9">1988</subfield>
  </datafield>
  <datafield tag="650" ind1=" " ind2=" ">
    <subfield code="a">Amazonia peruana</subfield>
    <subfield code="9">7545</subfield>
  </datafield>
  <datafield tag="650" ind1=" " ind2=" ">
    <subfield code="a">Ecolog&#xED;a</subfield>
    <subfield code="9">4960</subfield>
  </datafield>
  <datafield tag="650" ind1=" " ind2=" ">
    <subfield code="a">Gesti&#xF3;n ambiental</subfield>
    <subfield code="9">30438</subfield>
  </datafield>
  <datafield tag="650" ind1=" " ind2=" ">
    <subfield code="a">Idioma Mochica</subfield>
    <subfield code="9">46446</subfield>
  </datafield>
  <datafield tag="650" ind1=" " ind2=" ">
    <subfield code="a">Taqui onqoy</subfield>
    <subfield code="9">46447</subfield>
  </datafield>
  <datafield tag="650" ind1=" " ind2=" ">
    <subfield code="a">Idioma quechua</subfield>
    <subfield code="9">27790</subfield>
  </datafield>
  <datafield tag="700" ind1=" " ind2=" ">
    <subfield code="a">Salis, Annette</subfield>
    <subfield code="9">46448</subfield>
  </datafield>
  <datafield tag="700" ind1=" " ind2=" ">
    <subfield code="a">Brack Egg, Antonio</subfield>
    <subfield code="9">20282</subfield>
  </datafield>
  <datafield tag="700" ind1=" " ind2=" ">
    <subfield code="a">Mart&#xED;nez Alier, Joan</subfield>
    <subfield code="9">23364</subfield>
  </datafield>
  <datafield tag="700" ind1=" " ind2=" ">
    <subfield code="a">Ch&#xE1;vez, Jorge</subfield>
    <subfield code="9">46449</subfield>
  </datafield>
  <datafield tag="700" ind1=" " ind2=" ">
    <subfield code="a">Camino, Alejandro</subfield>
    <subfield code="9">46450</subfield>
  </datafield>
  <datafield tag="700" ind1=" " ind2=" ">
    <subfield code="a">Torero, Alfredo</subfield>
    <subfield code="9">2062</subfield>
  </datafield>
  <datafield tag="700" ind1=" " ind2=" ">
    <subfield code="a">De Granda, Germ&#xE1;n</subfield>
    <subfield code="9">46421</subfield>
  </datafield>
  <datafield tag="700" ind1=" " ind2=" ">
    <subfield code="a">Cerr&#xF3;n Palomino, Rodolfo</subfield>
    <subfield code="9">7429</subfield>
  </datafield>
  <datafield tag="700" ind1=" " ind2=" ">
    <subfield code="a">Urbano, Henrique</subfield>
    <subfield code="9">2078</subfield>
  </datafield>
  <datafield tag="942" ind1=" " ind2=" ">
    <subfield code="2">ddc</subfield>
    <subfield code="c">PP</subfield>
  </datafield>
  <datafield tag="945" ind1=" " ind2=" ">
    <subfield code="a">rac</subfield>
  </datafield>
  <datafield tag="952" ind1=" " ind2=" ">
    <subfield code="0">0</subfield>
    <subfield code="2">ddc</subfield>
    <subfield code="4">0</subfield>
    <subfield code="7">0</subfield>
    <subfield code="a">HEM</subfield>
    <subfield code="b">HEM</subfield>
    <subfield code="c">CART</subfield>
    <subfield code="d">2021-08-26</subfield>
    <subfield code="g">10.00</subfield>
    <subfield code="o">Rev.Andi/N&#xB0;29/1997</subfield>
    <subfield code="p">REVC000327</subfield>
    <subfield code="r">2021-08-26</subfield>
    <subfield code="y">PP</subfield>
  </datafield>
</record>
